000 00485 a2200193 4500
005 20260204150749.0
008 260204b |||||||| |||| 00| 0 eng d
020 _a9789382532170
_cRs. 995.00
040 _aMAIN
082 _a355.020954
_bS84W
100 _aSatendra Kumar
245 _aWar history of Indian army
260 _bYking Books
_c2013
_aJaipur
300 _a280
650 _aDefence Studies
650 _aWar - History
650 _aMilitary Science
942 _cBK
999 _c395391
_d395391